A Few Good Men And The Angry Sea: (Record no. 214418)

MARC details
000 -LEADER
fixed length control field 00604nam a22001937a 4500
005 - DATE AND TIME OF LATEST TRANSACTION
control field 20260121154951.0
010 ## - LCCN (DPL NO)
LC control number ENG-147624
020 ## - INTERNATIONAL STANDARD BOOK NUMBER
International Standard Book Number 9788119670963
Terms of availability 395.00
035 ## - SYSTEM CONTROL NUMBER
System control number EN-131156
037 ## - SOURCE OF ACQUISITION
Source of stock number/acquisition DBAD
082 ## - DEWEY DECIMAL CLASSIFICATION NUMBER
Classification number 363.34
Edition number 1
100 ## - MAIN ENTRY--PERSONAL NAME
Personal name Sathe, Nitin
245 ## - TITLE STATEMENT
Title A Few Good Men And The Angry Sea:
Remainder of title Lessons in Disaster Management/
Statement of responsibility, etc Nitin Sathe
250 ## - EDITION STATEMENT
Edition statement 1
260 ## - PUBLICATION, DISTRIBUTION, ETC. (IMPRINT)
Place of publication, distribution, etc New Delhi
Name of publisher, distributor, etc Vitasta Publishing
Date of publication, distribution, etc 2025
270 ## - ADDRESS
Address 2/15,Ansari Road,Daryaganj,
City New Delhi
Postal code 110002
Electronic mail address vitastapublishing.com
300 ## - PHYSICAL DESCRIPTION
Extent 168p.
Dimensions 21cm(Pb)
942 ## - ADDED ENTRY ELEMENTS (KOHA)
Source of classification or shelving scheme Dewey Decimal Classification
Item type English Books
Classification part 363.34
Call number suffix SAT
Holdings
Withdrawn status Lost status Not for loan Collection code Home library Current library Date acquired Source of acquisition Cost, normal purchase price Full call number Barcode Copy number Cost, replacement price Koha item type
      Non-fiction Janak Puri Janak Puri 21/01/2026 Delivery of Books Act Division 395.00 363.34 SAT EN-131156 1 395.00 English Books

© Delhi Public Library
Hit Counter
free hit counter